Months of The Year - Statistics

General Stats
  • This quiz has been taken 193 times
  • The average score is 11 of 12
Answer Stats
Month Answer % Correct
1 January
96%
4 April
95%
7 July
94%
6 June
94%
3 March
94%
8 August
93%
2 February
92%
5 May
92%
10 October
92%
9 September
91%
12 December
90%
11 November
90%
No matching quizzes found
Score Distribution
Percent of People with Each Score
Percentile by Number Answered
Your Score History
You have not taken this quiz